Statistics for 10 most said words in the English language

Click here to take the quiz!

General Stats

  • This quiz has been taken 25 times
  • The average score is 7 of 10

Answer Stats

Word% Correct
a
100%
the
100%
and
95%
you
82%
it
68%
of
59%
in
55%
is
55%
to
55%
that
50%

Score Distribution

Percentile by Number Answered

Percent of People with Each Score

Your Score History

You have not taken this quiz